000 00476nam a2200145 4500
999 _c122142
_d122142
005 20210429095509.0
008 210429b ||||| |||| 00| 0 eng d
040 _cPK-LaUMT
082 _aRHC 320.974
_bDEL-S
100 _aDelen, David J. = ڈیلن، ڈیوڈ جے
245 _aSoviet roos ki haqeeqat = سوویٹ روس کی حقیقت /
_cby David J. Delan = ڈیوڈ جے ڈیلن
260 _aDehli :
_bUnion Printing Press,
_cNA
300 _a136 p.
942 _cBK